Statystyki dla Rusini

Kliknij tutaj aby rozwiązać quiz!

Ogólne statystyki

  • Ten quiz został rozwiązany 8 razy
  • Średni wynik to 4 z 12

Statystyki odpowiedzi

HintOdpowiedź% Poprawnych
Moskale, Wielkorusini, Wielkorusy, Wielkorusowie, WielkorosjanieRosjanie
86%
Litwini, BiałorusyBiałorusini
71%
Rusini karpaccy, KarpatorusiniŁemkowie
71%
Rusini, Małorusini, Małorusowie, MałorosjanieUkraińcy
57%
Rusini karpaccy, KarpatorusiniHuculi / Hucułowie
43%
Rusini karpaccy, KarpatorusiniBojkowie
29%
Podlaszucy
14%
ludność wschodniosłowiańska Polesia i PodlasiaTutejsi
14%
Rusini karpaccy, KarpatorusiniMagocsi / Paul Best
0%
Poleszucy
0%
Rusini Panońscy
0%
Rusini karpaccy, KarpatorusiniWierchownicy
0%

Rozkład punktacji

Percentyl według liczby udzielonych odpowiedzi

Procent ludzi z każdym wynikiem

Twoja historia wyników

Nie rozwiązałeś tego quizu